ARRUPE JESUIT UNIVERSITY

CORONAVIRUS -STOP THE SPREAD - CLEAN,DISINFECT,COVER

Augustine, wayward genius / (Record no. 126744)

MARC details
000 -LEADER
fixed length control field 00857cam a2200253 a 4500
001 - CONTROL NUMBER
control field 473410
003 - CONTROL NUMBER IDENTIFIER
control field ARRUPE
005 - DATE AND TIME OF LATEST TRANSACTION
control field 20170824090955.0
008 - FIXED-LENGTH DATA ELEMENTS--GENERAL INFORMATION
fixed length control field 850925s1980 enka 001 0beng
010 ## - LIBRARY OF CONGRESS CONTROL NUMBER
LC control number 83218248
020 ## - INTERNATIONAL STANDARD BOOK NUMBER
International Standard Book Number 0340258349 (pbk.) :
Terms of availability £1.95
040 ## - CATALOGING SOURCE
Original cataloging agency DLC
Transcribing agency DLC
Modifying agency DLC
043 ## - GEOGRAPHIC AREA CODE
Geographic area code f-ae---
050 00 - LIBRARY OF CONGRESS CALL NUMBER
Classification number BR1720.A9
Item number B38 1980
082 00 - DEWEY DECIMAL CLASSIFICATION NUMBER
Classification number 270.2/092/4
-- B
Edition number 19
300 ## - PHYSICAL DESCRIPTION
Other physical details ill. ;
Dimensions 18 cm.
100 2# - MAIN ENTRY--PERSONAL NAME
Personal name Bentley-Taylor, David.
9 (RLIN) 35136
245 10 - TITLE STATEMENT
Title Augustine, wayward genius /
Statement of responsibility, etc by David Bentley-Taylor.
260 ## - PUBLICATION, DISTRIBUTION, ETC. (IMPRINT)
Place of publication, distribution, etc London :
Name of publisher, distributor, etc Hodder and Stoughton,
Date of publication, distribution, etc 1980.
300 ## - PHYSICAL DESCRIPTION
Extent 272 p. :
500 ## - GENERAL NOTE
General note Includes indexes.
600 00 - SUBJECT ADDED ENTRY--PERSONAL NAME
Personal name Augustine,
Titles and other words associated with a name Saint, Bishop of Hippo.
9 (RLIN) 35137
650 #0 - SUBJECT ADDED ENTRY--TOPICAL TERM
Topical term or geographic name as entry element Christian saints
Geographic subdivision Algeria
-- Hippo
Form subdivision Biography.
9 (RLIN) 35138
906 ## - LOCAL DATA ELEMENT F, LDF (RLIN)
a 7
b cbc
c orignew
d 4
e ncip
f 19
g y-gencatlg
942 ## - ADDED ENTRY ELEMENTS (KOHA)
Source of classification or shelving scheme Library of Congress Classification
Koha item type Monograph ( Printed materials)
Holdings
Withdrawn status Lost status Source of classification or shelving scheme Damaged status Not for loan Collection code Home library Current library Shelving location Date acquired Total Checkouts Full call number Barcode Date last seen Price effective from Koha item type
    Library of Congress Classification     Main Collection ARRUPE LIBRARY ARRUPE LIBRARY Main Collection 24/08/2017   BR65.A92 B477 46500023490 24/08/2017 24/08/2017 Monograph ( Printed materials)

 

Arrupe Library. PO Box MP320 Mt Pleasant, Harare, Zimbabwe
263 242 745411|librarian@aju.ac.zw